[Event "SV Jedesheim 1 - Heilbronner SV 1"]
[Site "Oberliga 2019/2020"]
[Date "2019.10.13"]
[Time ""]
[Round "2"]
[White "Peng, Xiang-Tobias"]
[Black "Engelhart, Achim"]
[WhiteElo "2105"]
[BlackElo "2011"]
[WhiteTeam ""]
[BlackTeam ""]
[Board ""]
[Result "1/2-1/2"]

1.e4 e6 2.d4 d5 3.exd5 exd5 4.Bd3 Nc6 5.Ne2 Bd6 6.Nbc3 Nge7 7.Be3
Nb4 8.Bb5+ c6 9.Ba4 Bf5 10.a3 Na6 11.Ng3 Bg6 12.O-O O-O 13.Nce2
Nc7 14.Bg5 f6 15.Bh4 Qd7 16.h3 Rae8 17.f4 Nf5 18.Nxf5 Bxf5 19.c3
Rf7 20.Bc2 Rfe7 21.Bxf5 Qxf5 22.Ng3 Qd7 {(=)} 23.Qh5 g6 24.Qf3
Re3 25.Qf2 Qf7 26.Rad1 Kg7 27.Rd2 Qe7 28.Rfd1 b5 29.Nf1 Re2 30.Rxe2
Qxe2 31.Rd2 Qe4 32.Bg3 Re7 33.f5 Ne8 34.fxg6 hxg6 35.Qf3 a5 36.Bxd6
Qxf3 37.gxf3 Nxd6 38.Kf2 Nc4 39.Rc2 a4 40.Nd2 Kh6 41.Nxc4 bxc4
42.Rc1 Kg5 43.Rg1+ Kf5 44.Rg2 {(=)} Re8 45.Kg3 Re1 46.Kf2 Re7 1/2-1/2

[Event "SK Schmiden/Cannstatt 1 - SF Deizisau 2"]
[Site "Oberliga 2019/2020"]
[Date "2019.10.13"]
[Time ""]
[Round "2"]
[White "Zilka, Stepan"]
[Black "Trachtmann, Mark"]
[WhiteElo "2529"]
[BlackElo "2253"]
[WhiteTeam ""]
[BlackTeam ""]
[Board ""]
[Result "1-0"]

1.e4 g6 2.d4 Bg7 3.Nf3 d6 4.Be2 Nf6 5.Nc3 O-O 6.O-O Nc6 7.d5
Nb8 8.Be3 c6 9.Qd2 Nbd7 10.Rad1 Qc7 11.Bh6 Nc5 12.Bxg7 Kxg7 13.Qd4
Ncd7 14.Rfe1 Qb6 15.Qxb6 Nxb6 16.dxc6 bxc6 17.e5 Ne8 18.exd6
exd6 19.Ne4 Bf5 20.Nxd6 Bxc2 21.Rd2 Ba4 22.b3 Nxd6 23.Rxd6 Bb5
24.Bxb5 cxb5 25.Nd4 b4 26.Nc6 a5 27.g3 a4 28.Nxb4 Nc8 29.Rd7
axb3 30.axb3 Rb8 31.Na6 Rxb3 32.Nc5 1-0

[Event "SK Schmiden/Cannstatt 1 - SF Deizisau 2"]
[Site "Oberliga 2019/2020"]
[Date "2019.10.13"]
[Time ""]
[Round "2"]
[White "Bach, Edwin"]
[Black "Dabo-Peranic, Robert"]
[WhiteElo "2175"]
[BlackElo "2322"]
[WhiteTeam ""]
[BlackTeam ""]
[Board ""]
[Result "1/2-1/2"]

1.Nf3 d5 2.g3 c5 3.c4 e6 4.Bg2 Nc6 5.O-O Nf6 6.b3 Be7 7.e3 O-O
8.Bb2 d4 9.exd4 cxd4 10.Re1 Re8 11.a3 a5 12.d3 Bf8 13.Ne5 Nxe5
14.Rxe5 Nd7 15.Rb5 Nc5 16.b4 axb4 17.axb4 Rxa1 18.Bxa1 Na6 19.c5
Nc7 20.Ra5 Nd5 21.Qb3 b6 22.Ra8 bxc5 23.bxc5 Bxc5 24.Nd2 Nb6
25.Ra5 Nd7 26.Ra8 Qc7 27.Bb2 Rd8 28.Ne4 Bb6 29.Ba3 Bb7 30.Nf6+
Nxf6 31.Rxd8+ Qxd8 32.Bxb7 Qc7 33.Bf3 h6 34.h4 Ba5 35.Qb5 Be1
36.Bb2 Bc3 37.Ba3 Be1 38.Bb2 Bc3 39.Ba3 Nd7 40.Qa6 Nb6 41.Qb5
Nd7 42.Qa6 g6 43.Bd6 Qd8 44.Qb7 Ba5 45.Bc6 {(=)} Nf8 46.Be7 Qc7
47.Qxc7 Bxc7 48.Bxf8 Kxf8 49.Kg2 Ke7 50.h5 g5 51.g4 Ba5 52.Bb7
Kd6 53.Kf3 Ke5 54.Bc6 Bd2 55.Bb7 Be1 56.Ke2 Kf4 57.Be4 f5 58.gxf5
exf5 59.Bc6 Bb4 60.Kf1 Kg4 61.Bd7 Kf4 62.f3 Kxf3 63.Bxf5 g4 64.Be4+
Kg3 65.Bg6 Be7 66.Bf7 Bg5 67.Bg6 Bf4 68.Bf5 Be3 69.Be6 Kh4 70.Bf7
Kh3 71.Be6 Kg3 72.Bf7 Bf4 73.Be8 Kf3 74.Bc6+ Kg3 75.Be8 Kh2 76.Bd7
g3 77.Bc6 Be3 78.Be4 Bf2 79.Bd5 Kh3 80.Bf3 Be3 81.Bd5 Bf4 82.Be6+
Kh2 83.Bd5 Be5 84.Bc6 Kh3 85.Bd7+ Kh4 86.Be8 Kg4 87.Kg2 Kf4 88.Bg6
Ke3 1/2-1/2

[Event "SK Schmiden/Cannstatt 1 - SF Deizisau 2"]
[Site "Oberliga 2019/2020"]
[Date "2019.10.13"]
[Time "10:00:00"]
[Round "2"]
[White "Fischer, Sebastian"]
[Black "Holzhäuer, Mathias"]
[WhiteElo "2246"]
[BlackElo "2178"]
[WhiteTeam "SF Deizisau 2"]
[BlackTeam "SK Schmiden/Cannstatt 1"]
[Board "3"]
[Result "1-0"]

1.d4 Nf6 2.Bg5 e6 3.Nd2 h6 4.Bh4 c5 5.e4 cxd4 6.e5 g5 7.Bg3 Nd5
8.h4 gxh4 9.Rxh4 Qb6 10.Bc4 Nc6 11.Bxd5 exd5 12.Ne2 d6 13.exd6
Bd7 14.Nb3 Bg7 15.Qd2 Ne5 16.Bxe5 Bxe5 17.Rxh6 Rxh6 18.Qxh6 O-O-O
19.Qd2 Bb5 20.O-O-O Rxd6 21.Nexd4 Bc4 22.Kb1 Rg6 23.g3 Rg4 24.Nf5
Qf6 25.Ne3 Rg8 26.Nxc4 dxc4 27.Qd7+ Kb8 28.Na5 Bc7 29.Qd5 Bxa5
30.Qxa5 Rc8 31.Qd2 Rc6 32.c3 a6 33.Qd8+ Ka7 34.Qxf6 Rxf6 35.Rd2
Kb6 36.Kc1 Kc5 37.Kd1 b5 38.a3 a5 39.Ke2 b4 40.axb4+ axb4 41.f4
bxc3 42.bxc3 Ra6 43.g4 Ra3 44.Rc2 f6 45.Ke3 Ra1 46.Ke4 Rg1 47.Kf5
Rg3 48.Ra2 Rxc3 49.Kxf6 Rg3 50.g5 Kd4 51.Ra4 Kd3 52.g6 c3 53.g7
Rg4 54.f5 Rxa4 55.g8Q Re4 56.Qb3 Kd2 57.Qd5+ Ke3 58.Qd1 Rc4 59.Qc2
Kd4 60.Kg6 1-0

[Event "SK Schmiden/Cannstatt 1 - SF Deizisau 2"]
[Site "Oberliga 2019/2020"]
[Date "2019.10.13"]
[Time "10:00:00"]
[Round "2"]
[White "Gustain, Marc"]
[Black "Krockenberger, Martin"]
[WhiteElo "2129"]
[BlackElo "2149"]
[WhiteTeam "SF Deizisau 2"]
[BlackTeam "SK Schmiden/Cannstatt 1"]
[Board "5"]
[Result "0-1"]

1.e4 c5 2.Nc3 Nc6 3.Bb5 Nd4 4.Nf3 a6 5.Bd3 Nc6 6.b3 e5 7.Bb2
d6 8.Nd5 Be7 9.c3 Nf6 10.Nxf6+ Bxf6 11.Bc4 O-O 12.h3 Re8 13.O-O
Be6 14.Bxe6 Rxe6 15.Re1 d5 16.d3 Qd7 17.Qe2 Rd8 18.Rad1 Be7 19.exd5
Qxd5 20.Qe4 Qd7 21.Qg4 g6 22.h4 f5 23.Qg3 e4 24.Ng5 Rd6 25.d4
Bf6 26.Ba3 Rd5 27.f3 exf3 28.Nxf3 cxd4 29.cxd4 Nxd4 30.Nxd4 Rxd4
31.Rc1 Bxh4 32.Qe5 Rd5 33.Qe6+ Qxe6 34.Rxe6 Rd1+ 35.Kh2 Rxc1
36.Bxc1 Kf7 37.Re2 Rd3 38.Bf4 Bf6 39.Rc2 Rd7 40.Re2 g5 41.Bd2
h5 42.Kg3 Re7 43.Rf2 Be5+ 44.Kh3 Kg6 45.Bb4 g4+ 46.Kh4 Bf6+ 47.Kg3
Re3+ 0-1

[Event "SK Schmiden/Cannstatt 1 - SF Deizisau 2"]
[Site "Oberliga 2019/2020"]
[Date "2019.10.13"]
[Time "10:00:00"]
[Round "2"]
[White "Löhr, Markus"]
[Black "Jelica, Mara"]
[WhiteElo "2108"]
[BlackElo "2106"]
[WhiteTeam "SK Schmiden/Cannstatt 1"]
[BlackTeam "SF Deizisau 2"]
[Board "6"]
[Result "1-0"]

1.d4 d5 2.Nf3 Nf6 3.c4 e6 4.g3 c5 5.Bg2 Nc6 6.O-O Be7 7.dxc5
Bxc5 8.a3 Be7 9.b4 dxc4 10.Qxd8+ Bxd8 11.Bb2 Bd7 12.Nbd2 b5 13.Nd4
Nxd4 14.Bxd4 Nd5 15.Bxg7 Rg8 16.Bd4 a5 17.e4 Ne7 18.Bc5 e5 19.f4
Nc6 20.a4 Nxb4 21.axb5 Nd3 22.Ba3 Bxb5 23.Rab1 Ba6 24.Nf3 exf4
25.e5 Bc7 26.Nd4 Ra7 27.Bc6+ Kd8 28.Bd5 Nxe5 29.Bc5 fxg3 30.Bxa7
gxh2+ 31.Kh1 c3 32.Rf2 c2 33.Nxc2 Nd3 34.Rxf7 Nf4 35.Bf3 Rg3
36.Nd4 Bd3 37.Re1 Ne2 38.Bxe2 Bxe2 39.Nxe2 Re3 1-0

[Event "SK Schmiden/Cannstatt 1 - SF Deizisau 2"]
[Site "Oberliga 2019/2020"]
[Date "2019.10.13"]
[Time "10:00:00"]
[Round "2"]
[White "Gheng, Dominik"]
[Black "Thoma, Christian"]
[WhiteElo "2110"]
[BlackElo "2156"]
[WhiteTeam "SF Deizisau 2"]
[BlackTeam "SK Schmiden/Cannstatt 1"]
[Board "7"]
[Result "0-1"]

1.e4 c5 2.c4 d6 3.Nc3 Nc6 4.g3 g6 5.Bg2 Bg7 6.Nge2 e6 7.a3 Nge7
8.Rb1 O-O 9.O-O Rb8 10.d3 a6 11.b4 b6 12.Be3 Nd4 13.f4 Bb7 14.Bf2
f5 15.Nxd4 cxd4 16.Ne2 e5 17.Qb3 Kh8 18.exf5 Bxg2 19.Kxg2 gxf5
20.Rbe1 Ng6 21.Ng1 Qd7 22.Nf3 Qb7 23.Bg1 exf4 24.Kh3 fxg3 25.hxg3
Qd7 26.Bxd4 f4+ 27.g4 Bxd4 28.Nxd4 Ne5 29.Qd1 h5 30.Rh1 hxg4+
31.Kg2+ Kg7 32.Re4 f3+ 33.Kf2 Rh8 34.Rg1 Rh2+ 35.Ke3 Rf8 36.Rg3
Kh6 37.Qg1 Rh4 38.Qc1 Kh5 39.Qf1 Qe7 40.Kf2 Rh2+ 41.Ke1 Qh4 0-1

[Event "SK Schmiden/Cannstatt 1 - SF Deizisau 2"]
[Site "Oberliga 2019/2020"]
[Date "2019.10.13"]
[Time "10:00:00"]
[Round "2"]
[White "Eisele, Steffen"]
[Black "Rempeli, Alex"]
[WhiteElo "2195"]
[BlackElo "2058"]
[WhiteTeam "SK Schmiden/Cannstatt 1"]
[BlackTeam "SF Deizisau 2"]
[Board "8"]
[Result "1/2-1/2"]

1.e4 e6 2.d4 d5 3.Nd2 c5 4.Ngf3 Nc6 5.c3 cxd4 6.cxd4 dxe4 7.Nxe4
Nf6 8.Nxf6+ Qxf6 9.Bb5 Bb4+ 10.Bd2 Bxd2+ 11.Qxd2 Bd7 12.O-O Rd8
13.Rad1 O-O 14.Qe3 Nb4 15.Bc4 Bc6 16.Ne5 Bd5 17.Qb3 Bxc4 18.Qxc4
Nd5 19.Qa4 Nf4 20.Qxa7 Ne2+ 21.Kh1 Nxd4 22.Rxd4 Qxe5 23.Rxd8
Rxd8 24.Qxb7 Rb8 25.Rc1 g6 26.Qa7 1/2-1/2